000 00950nam a2200289 i 4500
003 EG-GICUC
005 20260210112107.0
008 251117s1955 ua ||||fr|||| 000 0 fre d
040 _aEG-GiCUC
_bfre
_cEG-GiCUC
_dEG-GiCUC
_eRda
082 0 4 _221
_a338.83
_bEL . T
099 _aLaw1 13 338.83 EL . T 1955
100 1 _aGharib El-gammal
_eAuteur
245 1 0 _aTheorie Generale Des Societes D'economie Mixte /
_cGharib El-gammal , G. Gorla.
264 1 _aCaire :
_bImprimerie "Mondiale",
_c1955.
300 _a 195page ;
_c 24 cm.
336 _2rda contenu
_a texte
337 _2rda medias
_aOrdinateur
338 _2 transporteur rda
_a Ressource en ligne
504 _a
546 _aTexte en français
650 1 _aFinances publiques et législation fiscale
_2
651 1 _2
700 1 _aG. Gorla
_ePrésident
856 4 0 _uhttps://fll.law.cu.edu.eg/fulltext/bks/B13-06494.pdf
905 _a50
_eHassnaa
942 _2ddc
_cBK
_e21
_n0
999 _c43747
_d43747